Logo

OPEN PUBLIC ACCESS CATALOGUE

Good Charts (Record no. 20)

MARC details
000 -LEADER
fixed length control field 00276nam a2200145Ia 4500
005 - DATE AND TIME OF LATEST TRANSACTION
control field 20260513122049.0
020 ## - INTERNATIONAL STANDARD BOOK NUMBER
International Standard Book Number 9781633690707
100 ## - MAIN ENTRY--PERSONAL NAME
Personal name Berinato
245 ## - TITLE STATEMENT
Title Good Charts
260 ## - PUBLICATION, DISTRIBUTION, ETC.
Name of publisher, distributor, etc. HBR
365 ## - TRADE PRICE
Currency code Rs.
365 ## - TRADE PRICE
Price amount 20.00
942 ## - ADDED ENTRY ELEMENTS (KOHA)
Koha item type Book
Holdings
Withdrawn status Lost status Damaged status Not for loan Home library Current library Date acquired Cost, normal purchase price Inventory number Total checkouts Barcode Date last seen Cost, replacement price Price effective from Koha item type
        University of New South Wales University of New South Wales 05/08/2026 2295.00 16697   000149 05/13/2026 2295.00 05/13/2026 Book